[Event "DVM U10 2020"]
[Site "Magdeburg GER"]
[Date "2021.08.07"]
[Round "4"]
[White "Fadeev, Justin Michael"]
[Black "Schriefer, Leo Hans"]
[Result "1-0"]
[Termination "normal"]
[Board "3.2"]
[WhiteElo "1293"]
[BlackElo "1037"]
[WhiteClock "00:34:31"]
[BlackClock "00:25:01"]
[WhiteTeam "SV Hellas Nauen e.V."]
[BlackTeam "TSG Oberschöneweide e.V."]
[PlyCount "117"]
[WhiteFideId "34602968"]
[BlackFideId "16266935"]
[EventCountry "GER"]
[EventRounds "7"]
[EventType "team-swiss"]
[EventDate "2021.08.06"]

1. e4 {[%clk 00:55:07]} {[%emt 00:00:02]} c5 {[%clk 00:55:09]} {[%emt
00:00:02]} 2. Nc3 {[%clk 00:55:03]} {[%emt 00:00:09]} g6 {[%clk 00:55:10]}
{[%emt 00:00:04]} 3. g3 {[%clk 00:54:58]} {[%emt 00:00:09]} Nc6 {[%clk
00:55:05]} {[%emt 00:00:11]} 4. Bg2 {[%clk 00:54:38]} {[%emt 00:00:24]} Bg7
{[%clk 00:54:54]} {[%emt 00:00:17]} 5. d3 {[%clk 00:54:19]} {[%emt 00:00:24]}
Nf6 {[%clk 00:54:32]} {[%emt 00:00:26]} 6. f4 {[%clk 00:54:09]} {[%emt
00:00:15]} d6 {[%clk 00:53:27]} {[%emt 00:01:10]} 7. Nf3 {[%clk 00:54:03]}
{[%emt 00:00:11]} Bg4 {[%clk 00:53:21]} {[%emt 00:00:11]} 8. h3 {[%clk
00:53:39]} {[%emt 00:00:29]} Bxf3 {[%clk 00:52:41]} {[%emt 00:00:45]} 9. Qxf3
{[%clk 00:53:34]} {[%emt 00:00:09]} Qd7 {[%clk 00:51:26]} {[%emt 00:01:21]} 10.
Be3 {[%clk 00:53:23]} {[%emt 00:00:15]} Nb4 {[%clk 00:51:05]} {[%emt 00:00:27]}
11. Qf2 {[%clk 00:51:41]} {[%emt 00:01:46]} O-O {[%clk 00:49:44]} {[%emt
00:01:27]} 12. O-O {[%clk 00:51:36]} {[%emt 00:00:10]} Rac8 {[%clk 00:49:18]}
{[%emt 00:00:31]} 13. a3 {[%clk 00:51:28]} {[%emt 00:00:13]} Nc6 {[%clk
00:49:05]} {[%emt 00:00:19]} 14. g4 {[%clk 00:51:24]} {[%emt 00:00:09]} h5
{[%clk 00:45:55]} {[%emt 00:03:15]} 15. g5 {[%clk 00:50:59]} {[%emt 00:00:28]}
Ne8 {[%clk 00:44:50]} {[%emt 00:01:11]} 16. f5 {[%clk 00:50:54]} {[%emt
00:00:11]} Nc7 {[%clk 00:44:19]} {[%emt 00:00:36]} 17. f6 {[%clk 00:49:35]}
{[%emt 00:01:24]} Bh8 {[%clk 00:43:54]} {[%emt 00:00:29]} 18. Qh4 {[%clk
00:48:37]} {[%emt 00:01:04]} Ne6 {[%clk 00:37:38]} {[%emt 00:06:21]} 19. Bf3
{[%clk 00:48:07]} {[%emt 00:00:35]} b6 {[%clk 00:35:48]} {[%emt 00:01:55]} 20.
Bxh5 {[%clk 00:47:50]} {[%emt 00:00:21]} gxh5 {[%clk 00:35:44]} {[%emt
00:00:09]} 21. Qxh5 {[%clk 00:47:44]} {[%emt 00:00:10]} Ne5 {[%clk 00:35:42]}
{[%emt 00:00:08]} 22. Nd5 {[%clk 00:47:25]} {[%emt 00:00:25]} Rce8 {[%clk
00:35:11]} {[%emt 00:00:35]} 23. fxe7 {[%clk 00:47:10]} {[%emt 00:00:20]} Rxe7
{[%clk 00:35:08]} {[%emt 00:00:08]} 24. Nxe7+ {[%clk 00:46:54]} {[%emt
00:00:21]} Qxe7 {[%clk 00:35:11]} {[%emt 00:00:02]} 25. Rf2 {[%clk 00:45:07]}
{[%emt 00:01:53]} Ng6 {[%clk 00:34:33]} {[%emt 00:00:43]} 26. c3 {[%clk
00:44:09]} {[%emt 00:01:03]} Re8 {[%clk 00:33:30]} {[%emt 00:01:07]} 27. Qg4
{[%clk 00:43:52]} {[%emt 00:00:22]} Rd8 {[%clk 00:32:19]} {[%emt 00:01:16]} 28.
h4 {[%clk 00:43:34]} {[%emt 00:00:22]} Ne5 {[%clk 00:31:41]} {[%emt 00:00:44]}
29. Qe2 {[%clk 00:43:09]} {[%emt 00:00:30]} Nf8 {[%clk 00:31:10]} {[%emt
00:00:36]} 30. h5 {[%clk 00:42:39]} {[%emt 00:00:35]} Rd7 {[%clk 00:30:24]}
{[%emt 00:00:51]} 31. Rg2 {[%clk 00:41:24]} {[%emt 00:01:19]} Qe6 {[%clk
00:29:10]} {[%emt 00:01:20]} 32. Rf1 {[%clk 00:38:44]} {[%emt 00:02:45]} Nh7
{[%clk 00:28:15]} {[%emt 00:00:59]} 33. d4 {[%clk 00:37:16]} {[%emt 00:01:34]}
cxd4 {[%clk 00:27:56]} {[%emt 00:00:24]} 34. cxd4 {[%clk 00:37:15]} {[%emt
00:00:06]} Nc4 {[%clk 00:27:23]} {[%emt 00:00:39]} 35. g6 {[%clk 00:37:05]}
{[%emt 00:00:14]} fxg6 {[%clk 00:26:58]} {[%emt 00:00:30]} 36. Rxg6+ {[%clk
00:37:00]} {[%emt 00:00:10]} Qxg6+ {[%clk 00:26:57]} {[%emt 00:00:06]} 37. hxg6
{[%clk 00:36:58]} {[%emt 00:00:07]} Nxe3 {[%clk 00:26:43]} {[%emt 00:00:19]}
38. gxh7+ {[%clk 00:36:55]} {[%emt 00:00:08]} Rxh7 {[%clk 00:26:37]} {[%emt
00:00:11]} 39. Qxe3 {[%clk 00:36:38]} {[%emt 00:00:22]} Rg7+ {[%clk 00:26:20]}
{[%emt 00:00:21]} 40. Kf2 {[%clk 00:36:35]} {[%emt 00:00:08]} Rf7+ {[%clk
00:26:13]} {[%emt 00:00:13]} 41. Ke2 {[%clk 00:36:31]} {[%emt 00:00:09]} Rxf1
{[%clk 00:26:04]} {[%emt 00:00:12]} 42. Kxf1 {[%clk 00:36:27]} {[%emt
00:00:12]} Bf6 {[%clk 00:25:55]} {[%emt 00:00:14]} 43. e5 {[%clk 00:36:25]}
{[%emt 00:00:07]} dxe5 {[%clk 00:25:54]} {[%emt 00:00:05]} 44. dxe5 {[%clk
00:36:22]} {[%emt 00:00:08]} Be7 {[%clk 00:25:50]} {[%emt 00:00:09]} 45. Kg2
{[%clk 00:36:09]} {[%emt 00:00:18]} Kf7 {[%clk 00:25:48]} {[%emt 00:00:08]} 46.
Qf4+ {[%clk 00:35:55]} {[%emt 00:00:19]} Ke6 {[%clk 00:25:44]} {[%emt
00:00:08]} 47. Kf3 {[%clk 00:35:37]} {[%emt 00:00:23]} Bd8 {[%clk 00:25:35]}
{[%emt 00:00:15]} 48. Ke4 {[%clk 00:35:33]} {[%emt 00:00:09]} Be7 {[%clk
00:25:34]} {[%emt 00:00:06]} 49. Qh6+ {[%clk 00:35:28]} {[%emt 00:00:09]} Kd7
{[%clk 00:25:32]} {[%emt 00:00:07]} 50. e6+ {[%clk 00:35:25]} {[%emt 00:00:08]}
Kc8 {[%clk 00:25:26]} {[%emt 00:00:12]} 51. Kf5 {[%clk 00:35:14]} {[%emt
00:00:16]} Bc5 {[%clk 00:25:24]} {[%emt 00:00:06]} 52. Kg6 {[%clk 00:35:11]}
{[%emt 00:00:08]} Kb7 {[%clk 00:25:13]} {[%emt 00:00:17]} 53. Kf7 {[%clk
00:35:05]} {[%emt 00:00:10]} Ka6 {[%clk 00:25:12]} {[%emt 00:00:06]} 54. e7
{[%clk 00:35:04]} {[%emt 00:00:07]} Bxe7 {[%clk 00:25:15]} {[%emt 00:00:01]}
55. Kxe7 {[%clk 00:35:03]} {[%emt 00:00:06]} Ka5 {[%clk 00:25:14]} {[%emt
00:00:06]} 56. Qf4 {[%clk 00:34:48]} {[%emt 00:00:19]} b5 {[%clk 00:25:12]}
{[%emt 00:00:08]} 57. Kd7 {[%clk 00:34:44]} {[%emt 00:00:09]} a6 {[%clk
00:25:10]} {[%emt 00:00:07]} 58. Kc7 {[%clk 00:34:37]} {[%emt 00:00:12]} b4
{[%clk 00:25:01]} {[%emt 00:00:14]} 59. Qxb4# {[%clk 00:34:31]} {[%emt
00:00:11]} 1-0

[Event "DVM U10 2020"]
[Site "Magdeburg GER"]
[Date "2021.08.07"]
[Round "4"]
[White "Meusel, Theodor"]
[Black "Dodul, Arthur"]
[Result "0-1"]
[Termination "normal"]
[Board "3.3"]
[WhiteElo "1137"]
[BlackElo "1148"]
[WhiteClock "00:05:35"]
[BlackClock "00:12:19"]
[WhiteTeam "TSG Oberschöneweide e.V."]
[BlackTeam "SV Hellas Nauen e.V."]
[PlyCount "70"]
[WhiteFideId "34617116"]
[BlackFideId "34609016"]
[EventCountry "GER"]
[EventRounds "7"]
[EventType "team-swiss"]
[EventDate "2021.08.06"]

1. c4 {[%clk 00:55:06]} {[%emt 00:00:05]} e5 {[%clk 00:54:59]} {[%emt
00:00:12]} 2. g3 {[%clk 00:55:08]} {[%emt 00:00:02]} Nc6 {[%clk 00:54:44]}
{[%emt 00:00:18]} 3. Bg2 {[%clk 00:55:09]} {[%emt 00:00:06]} Nf6 {[%clk
00:54:21]} {[%emt 00:00:28]} 4. d3 {[%clk 00:53:13]} {[%emt 00:02:01]} Bb4+
{[%clk 00:53:08]} {[%emt 00:01:18]} 5. Bd2 {[%clk 00:52:58]} {[%emt 00:00:20]}
Bxd2+ {[%clk 00:52:30]} {[%emt 00:00:43]} 6. Qxd2 {[%clk 00:52:32]} {[%emt
00:00:30]} O-O {[%clk 00:51:57]} {[%emt 00:00:39]} 7. e4 {[%clk 00:52:15]}
{[%emt 00:00:21]} d6 {[%clk 00:51:03]} {[%emt 00:00:59]} 8. Nf3 {[%clk
00:51:46]} {[%emt 00:00:35]} Bg4 {[%clk 00:50:22]} {[%emt 00:00:45]} 9. h3
{[%clk 00:51:39]} {[%emt 00:00:13]} Bxf3 {[%clk 00:49:33]} {[%emt 00:00:53]}
10. Bxf3 {[%clk 00:51:27]} {[%emt 00:00:16]} Nd4 {[%clk 00:49:10]} {[%emt
00:00:29]} 11. Bg2 {[%clk 00:51:10]} {[%emt 00:00:20]} c5 {[%clk 00:48:02]}
{[%emt 00:01:15]} 12. Nc3 {[%clk 00:50:50]} {[%emt 00:00:25]} a6 {[%clk
00:47:00]} {[%emt 00:01:07]} 13. Ne2 {[%clk 00:49:36]} {[%emt 00:01:15]} Nxe2
{[%clk 00:46:02]} {[%emt 00:01:08]} 14. Qxe2 {[%clk 00:48:48]} {[%emt
00:00:52]} b5 {[%clk 00:45:12]} {[%emt 00:00:54]} 15. O-O {[%clk 00:47:19]}
{[%emt 00:01:36]} bxc4 {[%clk 00:44:16]} {[%emt 00:01:01]} 16. dxc4 {[%clk
00:47:06]} {[%emt 00:00:18]} Qd7 {[%clk 00:42:29]} {[%emt 00:01:51]} 17. Rfd1
{[%clk 00:39:12]} {[%emt 00:07:59]} Rab8 {[%clk 00:40:32]} {[%emt 00:02:03]}
18. Rd3 {[%clk 00:36:13]} {[%emt 00:03:03]} Rb6 {[%clk 00:38:53]} {[%emt
00:01:44]} 19. Rad1 {[%clk 00:35:17]} {[%emt 00:01:00]} h6 {[%clk 00:37:28]}
{[%emt 00:01:32]} 20. Qd2 {[%clk 00:33:55]} {[%emt 00:01:24]} Rd8 {[%clk
00:36:08]} {[%emt 00:01:27]} 21. b3 {[%clk 00:33:15]} {[%emt 00:00:46]} Ne8
{[%clk 00:33:08]} {[%emt 00:03:04]} 22. f4 {[%clk 00:27:03]} {[%emt 00:06:17]}
exf4 {[%clk 00:27:51]} {[%emt 00:05:23]} 23. Qxf4 {[%clk 00:26:44]} {[%emt
00:00:24]} Qe6 {[%clk 00:24:51]} {[%emt 00:03:05]} 24. Qh4 {[%clk 00:20:07]}
{[%emt 00:06:41]} Qf6 {[%clk 00:21:04]} {[%emt 00:03:52]} 25. Qxf6 {[%clk
00:18:17]} {[%emt 00:01:56]} gxf6 {[%clk 00:20:50]} {[%emt 00:00:18]} 26. Kf2
{[%clk 00:13:10]} {[%emt 00:05:12]} Kg7 {[%clk 00:18:46]} {[%emt 00:02:10]} 27.
h4 {[%clk 00:12:12]} {[%emt 00:01:02]} Nc7 {[%clk 00:17:29]} {[%emt 00:01:20]}
28. g4 {[%clk 00:11:48]} {[%emt 00:00:32]} Ne6 {[%clk 00:16:31]} {[%emt
00:01:01]} 29. Kg3 {[%clk 00:10:47]} {[%emt 00:01:06]} Nd4 {[%clk 00:15:35]}
{[%emt 00:01:02]} 30. Kf4 {[%clk 00:10:22]} {[%emt 00:00:30]} Re8 {[%clk
00:14:52]} {[%emt 00:00:48]} 31. Bh3 {[%clk 00:08:15]} {[%emt 00:02:09]} Rb7
{[%clk 00:13:52]} {[%emt 00:01:08]} 32. Bg2 {[%clk 00:08:00]} {[%emt 00:00:21]}
Rbe7 {[%clk 00:13:40]} {[%emt 00:00:15]} 33. h5 {[%clk 00:06:32]} {[%emt
00:01:35]} Ne2+ {[%clk 00:12:41]} {[%emt 00:01:04]} 34. Kf3 {[%clk 00:06:14]}
{[%emt 00:00:21]} Rxe4 {[%clk 00:12:30]} {[%emt 00:00:17]} 35. Rxd6 {[%clk
00:05:35]} {[%emt 00:00:44]} Rf4# {[%clk 00:12:19]} {[%emt 00:00:09]} 0-1

[Event "DVM U10 2020"]
[Site "Magdeburg GER"]
[Date "2021.08.07"]
[Round "4"]
[White "Dodul, Alice"]
[Black "Gersemann, Karl"]
[Result "1-0"]
[Termination "normal"]
[Board "3.4"]
[WhiteElo "1099"]
[BlackElo "1318"]
[WhiteClock "00:23:45"]
[BlackClock "00:19:47"]
[WhiteTeam "SV Hellas Nauen e.V."]
[BlackTeam "TSG Oberschöneweide e.V."]
[PlyCount "115"]
[WhiteFideId "34623817"]
[BlackFideId "34602186"]
[EventCountry "GER"]
[EventRounds "7"]
[EventType "team-swiss"]
[EventDate "2021.08.06"]

1. f4 {[%clk 00:55:08]} {[%emt 00:13:22]} d5 {[%clk 00:53:33]} {[%emt
00:01:38]} 2. Nf3 {[%clk 00:54:57]} {[%emt 00:00:15]} e6 {[%clk 00:53:24]}
{[%emt 00:00:14]} 3. e3 {[%clk 00:54:41]} {[%emt 00:00:20]} Nf6 {[%clk
00:53:18]} {[%emt 00:00:11]} 4. b3 {[%clk 00:54:37]} {[%emt 00:00:09]} Be7
{[%clk 00:53:10]} {[%emt 00:00:14]} 5. Bb2 {[%clk 00:54:24]} {[%emt 00:00:18]}
c5 {[%clk 00:53:04]} {[%emt 00:00:11]} 6. Bb5+ {[%clk 00:54:16]} {[%emt
00:00:12]} Bd7 {[%clk 00:52:52]} {[%emt 00:00:17]} 7. Bxd7+ {[%clk 00:54:09]}
{[%emt 00:00:12]} Nbxd7 {[%clk 00:52:50]} {[%emt 00:00:08]} 8. O-O {[%clk
00:54:00]} {[%emt 00:00:14]} O-O {[%clk 00:52:40]} {[%emt 00:00:14]} 9. d3
{[%clk 00:53:44]} {[%emt 00:00:21]} Re8 {[%clk 00:52:17]} {[%emt 00:00:28]} 10.
Nbd2 {[%clk 00:53:31]} {[%emt 00:00:18]} Nf8 {[%clk 00:52:02]} {[%emt
00:00:20]} 11. c4 {[%clk 00:52:45]} {[%emt 00:00:51]} Ng6 {[%clk 00:51:29]}
{[%emt 00:00:37]} 12. Ne5 {[%clk 00:51:53]} {[%emt 00:00:58]} Nxe5 {[%clk
00:50:44]} {[%emt 00:00:50]} 13. Bxe5 {[%clk 00:51:09]} {[%emt 00:00:50]} Bd6
{[%clk 00:50:11]} {[%emt 00:00:38]} 14. Bc3 {[%clk 00:50:44]} {[%emt 00:00:29]}
e5 {[%clk 00:50:04]} {[%emt 00:00:12]} 15. f5 {[%clk 00:49:35]} {[%emt
00:01:14]} d4 {[%clk 00:49:56]} {[%emt 00:00:13]} 16. exd4 {[%clk 00:49:02]}
{[%emt 00:00:38]} exd4 {[%clk 00:49:47]} {[%emt 00:00:14]} 17. Bb2 {[%clk
00:48:35]} {[%emt 00:00:33]} Qc7 {[%clk 00:49:11]} {[%emt 00:00:40]} 18. Nf3
{[%clk 00:48:29]} {[%emt 00:00:11]} Nd7 {[%clk 00:48:29]} {[%emt 00:00:47]} 19.
h3 {[%clk 00:47:10]} {[%emt 00:01:24]} f6 {[%clk 00:48:12]} {[%emt 00:00:22]}
20. Nh4 {[%clk 00:45:40]} {[%emt 00:01:35]} Bg3 {[%clk 00:47:25]} {[%emt
00:00:53]} 21. Qg4 {[%clk 00:44:55]} {[%emt 00:00:49]} Bxh4 {[%clk 00:47:04]}
{[%emt 00:00:26]} 22. Qxh4 {[%clk 00:44:43]} {[%emt 00:00:17]} Ne5 {[%emt
00:01:09]} 23. Rad1 {[%clk 00:43:47]} a5 {[%clk 00:46:29]} {[%emt 00:00:38]}
24. Bc1 {[%clk 00:43:05]} {[%emt 00:00:46]} a4 {[%clk 00:45:56]} {[%emt
00:00:38]} 25. Qg3 {[%clk 00:41:56]} {[%emt 00:01:14]} Qf7 {[%clk 00:45:36]}
{[%emt 00:00:24]} 26. Bf4 {[%clk 00:40:58]} {[%emt 00:01:04]} axb3 {[%clk
00:45:23]} {[%emt 00:00:18]} 27. axb3 {[%clk 00:40:41]} {[%emt 00:00:22]} Ra3
{[%clk 00:44:31]} {[%emt 00:00:57]} 28. Rb1 {[%clk 00:40:13]} {[%emt 00:00:33]}
b6 {[%clk 00:40:48]} {[%emt 00:03:48]} 29. h4 {[%clk 00:38:41]} {[%emt
00:01:36]} Ra2 {[%clk 00:39:20]} {[%emt 00:01:34]} 30. Qh3 {[%clk 00:36:59]}
{[%emt 00:01:48]} Nd7 {[%clk 00:38:11]} {[%emt 00:01:12]} 31. Rfe1 {[%clk
00:36:21]} {[%emt 00:00:44]} Rae2 {[%clk 00:37:14]} {[%emt 00:01:02]} 32. Rf1
{[%clk 00:34:57]} {[%emt 00:01:28]} Ra2 {[%clk 00:36:22]} {[%emt 00:00:59]} 33.
Rfe1 {[%clk 00:34:24]} {[%emt 00:00:37]} Raa8 {[%clk 00:36:14]} {[%emt
00:00:13]} 34. h5 {[%clk 00:34:06]} {[%emt 00:00:23]} h6 {[%clk 00:35:45]}
{[%emt 00:00:34]} 35. Qg4 {[%clk 00:33:33]} {[%emt 00:00:39]} Kh8 {[%clk
00:35:11]} {[%emt 00:00:39]} 36. Qg6 {[%clk 00:32:50]} {[%emt 00:00:47]} Qxg6
{[%clk 00:34:58]} {[%emt 00:00:17]} 37. hxg6 {[%clk 00:32:23]} {[%emt
00:00:32]} Kg8 {[%clk 00:34:24]} {[%emt 00:00:40]} 38. Ra1 {[%clk 00:31:59]}
{[%emt 00:00:28]} Rxa1 {[%clk 00:33:46]} {[%emt 00:00:44]} 39. Rxa1 {[%clk
00:31:55]} {[%emt 00:00:09]} Ne5 {[%clk 00:33:05]} {[%emt 00:00:46]} 40. Ra6
{[%clk 00:31:03]} {[%emt 00:00:57]} Rb8 {[%clk 00:32:56]} {[%emt 00:00:14]} 41.
Kf1 {[%clk 00:30:16]} {[%emt 00:00:50]} Kf8 {[%clk 00:30:59]} {[%emt 00:02:04]}
42. g3 {[%clk 00:29:33]} {[%emt 00:00:48]} b5 {[%clk 00:28:44]} {[%emt
00:02:20]} 43. Ra5 {[%clk 00:28:34]} {[%emt 00:01:05]} bxc4 {[%clk 00:28:06]}
{[%emt 00:00:43]} 44. bxc4 {[%clk 00:28:11]} {[%emt 00:00:27]} Rb1+ {[%clk
00:27:46]} {[%emt 00:00:26]} 45. Ke2 {[%clk 00:27:54]} {[%emt 00:00:21]} Rb2+
{[%clk 00:26:57]} {[%emt 00:00:53]} 46. Kd1 {[%clk 00:27:29]} {[%emt 00:00:31]}
Nxd3 {[%clk 00:25:52]} {[%emt 00:01:11]} 47. Bd6+ {[%clk 00:26:51]} {[%emt
00:00:42]} Ke8 {[%clk 00:25:23]} {[%emt 00:00:34]} 48. Bxc5 {[%clk 00:26:20]}
{[%emt 00:00:36]} Nxc5 {[%clk 00:24:25]} {[%emt 00:01:03]} 49. Rxc5 {[%clk
00:25:54]} {[%emt 00:00:31]} Rb7 {[%clk 00:22:38]} {[%emt 00:01:53]} 50. Rd5
{[%clk 00:25:12]} {[%emt 00:00:46]} Rd7 {[%clk 00:22:32]} {[%emt 00:00:11]} 51.
Kd2 {[%clk 00:24:48]} {[%emt 00:00:28]} Rxd5 {[%clk 00:21:04]} {[%emt
00:01:34]} 52. cxd5 {[%clk 00:24:42]} {[%emt 00:00:11]} Kd7 {[%clk 00:20:53]}
{[%emt 00:00:16]} 53. Kd3 {[%clk 00:24:32]} {[%emt 00:00:15]} Ke7 {[%clk
00:20:36]} {[%emt 00:00:21]} 54. Kxd4 {[%clk 00:24:28]} {[%emt 00:00:10]} Kd6
{[%clk 00:20:32]} {[%emt 00:00:10]} 55. g4 {[%clk 00:24:20]} {[%emt 00:00:13]}
Kd7 {[%clk 00:20:16]} {[%emt 00:00:20]} 56. Kc5 {[%clk 00:24:02]} {[%emt
00:00:23]} h5 {[%clk 00:19:54]} {[%emt 00:00:27]} 57. gxh5 {[%clk 00:23:53]}
{[%emt 00:00:14]} Kc7 {[%clk 00:19:47]} {[%emt 00:00:12]} 58. h6 {[%clk
00:23:45]} {[%emt 00:00:14]} 1-0

[Event "DVM U10 2020"]
[Site "Magdeburg GER"]
[Date "2021.08.07"]
[Round "4"]
[White "Roos Nazario, Valentin"]
[Black "Büchel, David"]
[Result "0-1"]
[Termination "normal"]
[Board "4.1"]
[WhiteElo "1204"]
[BlackElo "1408"]
[WhiteClock "00:22:42"]
[BlackClock "00:06:06"]
[WhiteTeam "Tischtennisclub Grün-Weiß Fritzdorf 1958 e. V."]
[BlackTeam "Schachfreunde München e.V."]
[PlyCount "94"]
[WhiteFideId "16295722"]
[BlackFideId "34603689"]
[EventCountry "GER"]
[EventRounds "7"]
[EventType "team-swiss"]
[EventDate "2021.08.06"]

1. e4 {[%clk 00:55:08]} c5 {[%clk 00:55:02]} {[%emt 00:00:09]} 2. Nf3 {[%clk
00:55:09]} {[%emt 00:00:04]} d6 {[%clk 00:55:02]} {[%emt 00:00:06]} 3. d4
{[%clk 00:55:10]} {[%emt 00:00:04]} cxd4 {[%clk 00:55:03]} {[%emt 00:00:04]} 4.
Nxd4 {[%clk 00:55:10]} {[%emt 00:00:04]} Nf6 {[%clk 00:54:54]} {[%emt
00:00:14]} 5. Nc3 {[%clk 00:55:00]} {[%emt 00:00:15]} a6 {[%clk 00:54:30]}
{[%emt 00:00:30]} 6. Bd3 {[%clk 00:54:36]} {[%emt 00:00:28]} g6 {[%clk
00:54:26]} {[%emt 00:00:10]} 7. Be3 {[%clk 00:54:32]} {[%emt 00:00:09]} Bg7
{[%clk 00:54:26]} {[%emt 00:00:05]} 8. f3 {[%clk 00:54:31]} {[%emt 00:00:05]}
O-O {[%clk 00:53:30]} {[%emt 00:01:01]} 9. Qd2 {[%clk 00:54:24]} {[%emt
00:00:12]} Nc6 {[%clk 00:52:35]} {[%emt 00:01:00]} 10. Nb3 {[%clk 00:53:43]}
{[%emt 00:00:46]} Be6 {[%clk 00:50:25]} {[%emt 00:02:16]} 11. Bh6 {[%clk
00:53:07]} {[%emt 00:00:40]} Qb6 {[%clk 00:49:04]} {[%emt 00:01:25]} 12. h4
{[%clk 00:52:02]} {[%emt 00:01:11]} Nh5 {[%clk 00:44:35]} {[%emt 00:04:34]} 13.
O-O-O {[%clk 00:49:05]} {[%emt 00:03:00]} Bxb3 {[%clk 00:40:58]} {[%emt
00:03:44]} 14. axb3 {[%clk 00:47:47]} {[%emt 00:01:23]} Qa5 {[%clk 00:36:10]}
{[%emt 00:04:51]} 15. Bxg7 {[%clk 00:44:27]} {[%emt 00:03:26]} Nxg7 {[%clk
00:33:16]} {[%emt 00:03:00]} 16. Na4 {[%clk 00:44:17]} {[%emt 00:00:16]} Qxd2+
{[%clk 00:30:15]} {[%emt 00:03:05]} 17. Rxd2 {[%clk 00:43:55]} {[%emt
00:00:27]} Nd4 {[%clk 00:29:36]} {[%emt 00:00:44]} 18. Nb6 {[%clk 00:43:06]}
{[%emt 00:00:54]} Rad8 {[%clk 00:28:26]} {[%emt 00:01:15]} 19. g4 {[%clk
00:41:27]} {[%emt 00:01:45]} Nxf3 {[%clk 00:27:48]} {[%emt 00:00:43]} 20. Rg2
{[%clk 00:41:13]} {[%emt 00:00:16]} Ne5 {[%clk 00:26:37]} {[%emt 00:01:17]} 21.
Kd2 {[%clk 00:39:24]} {[%emt 00:01:54]} Ne6 {[%clk 00:25:38]} {[%emt 00:01:04]}
22. Nd5 {[%clk 00:38:54]} {[%emt 00:00:35]} Rfe8 {[%clk 00:23:40]} {[%emt
00:02:03]} 23. h5 {[%clk 00:38:50]} {[%emt 00:00:10]} Nxd3 {[%clk 00:23:08]}
{[%emt 00:00:37]} 24. Kxd3 {[%emt 00:00:31]} g5 {[%clk 00:21:01]} {[%emt
00:02:11]} 25. Rf2 {[%clk 00:37:40]} {[%emt 00:00:49]} Rc8 {[%clk 00:17:32]}
{[%emt 00:03:34]} 26. Rhf1 {[%clk 00:36:47]} {[%emt 00:00:59]} f6 {[%clk
00:17:27]} {[%emt 00:00:11]} 27. c4 {[%clk 00:34:19]} {[%emt 00:02:32]} Nc5+
{[%clk 00:16:25]} {[%emt 00:01:07]} 28. Kc2 {[%clk 00:33:17]} {[%emt 00:01:06]}
Nxe4 {[%clk 00:15:53]} {[%emt 00:00:38]} 29. Rf3 {[%clk 00:31:32]} {[%emt
00:01:49]} Kf7 {[%clk 00:14:00]} {[%emt 00:01:59]} 30. Re3 {[%clk 00:29:00]}
{[%emt 00:02:37]} Nc5 {[%clk 00:13:45]} {[%emt 00:00:19]} 31. Rfe1 {[%clk
00:28:26]} {[%emt 00:00:39]} e6 {[%clk 00:13:09]} {[%emt 00:00:42]} 32. Nc3
{[%clk 00:28:10]} {[%emt 00:00:21]} Nd7 {[%clk 00:12:50]} {[%emt 00:00:25]} 33.
Ne4 {[%clk 00:27:21]} {[%emt 00:00:53]} Rc6 {[%clk 00:12:10]} {[%emt 00:00:45]}
34. Rf1 {[%clk 00:25:07]} {[%emt 00:02:19]} Kg7 {[%clk 00:09:22]} {[%emt
00:02:53]} 35. Rd3 {[%clk 00:24:42]} {[%emt 00:00:29]} d5 {[%clk 00:09:04]}
{[%emt 00:00:24]} 36. Nd2 {[%clk 00:24:19]} {[%emt 00:00:29]} Ne5 {[%clk
00:08:42]} {[%emt 00:00:27]} 37. Rd4 {[%clk 00:24:01]} {[%emt 00:00:23]} b5
{[%clk 00:08:12]} {[%emt 00:00:34]} 38. Nf3 {[%clk 00:23:25]} {[%emt 00:00:41]}
Nxf3 {[%clk 00:07:37]} {[%emt 00:00:40]} 39. Rxf3 {[%clk 00:23:24]} {[%emt
00:00:07]} bxc4 {[%clk 00:07:19]} {[%emt 00:00:22]} 40. Kc3 {[%clk 00:23:16]}
{[%emt 00:00:13]} cxb3+ {[%clk 00:06:58]} {[%emt 00:00:26]} 41. Kxb3 {[%clk
00:23:14]} {[%emt 00:00:07]} Rb8+ {[%clk 00:06:58]} {[%emt 00:00:05]} 42. Ka3
{[%clk 00:23:06]} {[%emt 00:00:12]} Rc4 {[%clk 00:06:50]} {[%emt 00:00:15]} 43.
Rxc4 {[%clk 00:22:58]} {[%emt 00:00:12]} dxc4 {[%clk 00:06:47]} {[%emt
00:00:07]} 44. Rc3 {[%clk 00:22:57]} {[%emt 00:00:06]} Rb3+ {[%clk 00:06:27]}
{[%emt 00:00:26]} 45. Rxb3 {[%clk 00:22:47]} {[%emt 00:00:16]} cxb3 {[%clk
00:06:28]} {[%emt 00:00:04]} 46. Kxb3 {[%clk 00:22:44]} {[%emt 00:00:06]} f5
{[%clk 00:06:25]} {[%emt 00:00:09]} 47. gxf5 {[%clk 00:22:42]} {[%emt
00:00:08]} g4 {[%clk 00:06:06]} {[%emt 00:00:24]} 0-1